Music Quiz

Random Music or Rock Quiz
Score 0/18 Timer 06:00
10 Plays Today
% Correct
Eleanor Rigby
88%
The White Album
86.1%
A Hard Day's Night, Help!, etc.
86%
Help!, Revolver
85.4%
Apple Records
85.1%
Blackbird, Blue Jay Way, etc.
81.6%
Ed Sullivan
76.1%
Hey Jude
71.6%
Hamburg
70.8%
% Correct
Nowhere Man
70.7%
the love you make
66.8%
Richard Starkey
65.9%
Abbey Road
63.7%
Drive My Car, etc.
61.6%
George Martin
52.3%
eyes closed
51%
San Francisco
44.4%
Ob-La-Di, Ob-La-Da
36%
Remove Ads.
Support Sporcle.
Get the best of Sporcle when you Go Orange. This ad-free experience offers more features, more stats, and more fun while also helping to support Sporcle. Thank you for becoming a member.

You're not logged in!

Compare scores with friends on all Sporcle quizzes.
OR
Log In

Show Comments

Extras

Top Quizzes Today


Score Distribution

Your Account Isn't Verified!

In order to create a playlist on Sporcle, you need to verify the email address you used during registration. Go to your Sporcle Settings to finish the process.

Report this User

Report this user for behavior that violates our Community Guidelines.

Details: